На безлюдье (Запись № 5576613)

Подробности
000 -МАРКЕР
контрольное поле 02006nam0a22003851 4500
001 - ИДЕНТИФИКАТОР ЗАПИСИ
контрольное поле v19\rc\1570488
005 - ИДЕНТИФИКАТОР ВЕРСИИ
контрольное поле 20260608062712.0
035 ## - ДРУГИЕ СИСТЕМНЫЕ НОМЕРА
Идентификатор записи (NLR Aleph) 005228168
100 ## - ДАННЫЕ ОБЩЕЙ ОБРАБОТКИ
Данные общей обработки 20061002d1892 |||y0rusy50 ca
101 0# - ЯЗЫК РЕСУРСА
Язык текста, звукозаписи и т.д. русский
102 ## - СТРАНА ПУБЛИКАЦИИ ИЛИ ПРОИЗВОДСТВА
Страна публикации Российская Федерация
105 ## - ПОЛЕ КОДИРОВАННЫХ ДАННЫХ: ТЕКСТОВЫЕ МАТЕРИАЛЫ, МОНОГРАФИЧЕСКИЕ
Кодированные данные о монографическом текстовом документе y z |||||
135 ## - ПОЛЕ КОДИРОВАННЫХ ДАННЫХ: ЭЛЕКТРОННЫЕ РЕСУРСЫ
Кодированные данные для электронного ресурса coco 024aaaaa
200 1# - ЗАГЛАВИЕ И СВЕДЕНИЯ ОБ ОТВЕТСТВЕННОСТИ
Основное заглавие На безлюдье
Сведения, относящиеся к заглавию Картины полярной зимы
210 ## - ПУБЛИКАЦИЯ, РАСПРОСТРАНЕНИЕ И ДР.
Место издания, распространения и т.д. Санкт-Петербург
Имя издателя, распространителя и т. д. А.С. Суворин
Дата издания, распространения и т.д. ценз. 1892
215 ## - ФИЗИЧЕСКАЯ ХАРАКТЕРИСТИКА
Специфическое обозначение материала и объем 159 с.
Размеры 16
225 1# - СЕРИЯ
Основное заглавие серии Дешевая библиотека
Обозначение тома № 142
300 ## - ОБЩИЕ ПРИМЕЧАНИЯ
Текст примечания Перед загл. авт.: В.И. Немирович-Данченко
300 ## - ОБЩИЕ ПРИМЕЧАНИЯ
Текст примечания Эл.копия создана на основе экземпляра РГБ
316 ## - ПРИМЕЧАНИЯ ОБ ОСОБЕННОСТЯХ ЭКЗЕМПЛЯРА
Текст примечания Экз. РНБ (Л30/Б-1/15(алл. 2)): приплетен к: В.И. Немирович-Данченко. 1. В пустынях... Спб., 1892
Организация и экземпляр, к которому относится поле NLR: Л, 30/Б-1/15(алл. 2)
325 ## - ПРИМЕЧАНИЕ О КОПИИ
Текст примечания Копия доступна в Электрон. б-ке РНБ http://vivaldi.nlr.ru/bx000007100/view
482 #0 - ПРИПЛЕТЕНО К
Встроенное поле 2001#$aВ пустынях...
-- 210##$aСанкт-Петербург$d1892
-- 700#1$3RU\NLR\AUTH\779629$7ca$aНемирович-Данченко$bВ. И.$f1848-1936$gВасилий Иванович
Заглавие В пустынях...
Автор Немирович-Данченко, Василий Иванович (1848-1936)
532 13 - РАСШИРЕННОЕ ЗАГЛАВИЕ
Заглавие На безлюдье
700 #1 - ИМЯ ЛИЦА - ПЕРВИЧНАЯ ОТВЕТСТВЕННОСТЬ
Материалы, к которым относится поле rus
Графика поля Кириллица
Начальный элемент ввода Немирович-Данченко
Часть имени, кроме начального элемента ввода В. И.
Даты 1848-1936
Расширение инициалов личного имени Василий Иванович
Идентификатор авторитетной/нормативной записи RU\NLR\AUTH\779629
Системный номер авторитетной/нормативной записи 119446
801 #0 - ИСТОЧНИК ЗАПИСИ
Страна Российская Федерация
Организация NLR
Дата составления 20061002
Правила каталогизации psbo
801 #1 - ИСТОЧНИК ЗАПИСИ
Страна Российская Федерация
Организация ProSoft-M
Дата составления 20061002
Источник данных rusmarc
801 #2 - ИСТОЧНИК ЗАПИСИ
Страна Российская Федерация
Организация NLR
Дата составления 20101117
Источник данных rusmarc
852 ## - МЕСТОНАХОЖДЕНИЕ И ШИФР ХРАНЕНИЯ
Идентификатор организации NLR
Шифр хранения (Call Number) 18.138.6.28
852 ## - МЕСТОНАХОЖДЕНИЕ И ШИФР ХРАНЕНИЯ
Идентификатор организации NLR
Шифр хранения (Call Number) Л30/Б-1/15(алл. 2)
942 ## - ДОПОЛНИТЕЛЬНЫЕ ЭЛЕМЕНТЫ ЗАПИСИ (АБИС)
Тип экземпляра АБИС Книга
980 ## - КОЛЛЕКЦИЯ
Название коллекции Национальная библиография
981 33 - КОЛЛЕКЦИЯ ЭЛЕКТРОННОЙ БИБЛИОТЕКИ
Название коллекции Художественная литература
Название подколлекции 1. Отечественная литература
Экземпляры
Тип экземпляра Дата поступления Библиотека постоянного хранения Библиотека текущего хранения Место хранения Шифр хранения Штрих-код Статус экземпляра
Книга 26.10.2013 РНБ (Садовая) РНБ (Садовая) Русский книжный фонд -Главное здание, Ленинский читальный зал 18.138.6.28 5228168-10  
Книга 26.10.2013 РНБ (Садовая) РНБ (Садовая) Русский книжный фонд -Главное здание, Ленинский читальный зал Л30/Б-1/15(алл. 2) 5228168-20